00400nam a22001337a 4500003000400000005001700004008004100021050002300062082002500085245006000110260006000170300003000230562000600260OSt20140310181752.0130628t xxu||||| |||| 00| 0 eng d aRM 666b.T557 1996 aFIL 581.6 bT43 1996 aTiczon herbal medicine encyclopedia /cRomeo R. Ticzon. aAntipolo, Rizal : bRomeo R. Ticzon Publishing, cc1996 a205 p. :bill. ;c205 cm. e1